000 00471nam a22001337a 4500
020 _a9788120305083
040 _cNust
082 _a519.2
_bTRI
100 _aKishore S. Trivedi
_9124427
245 _aProbability & Statistics with Reliability, Queuing, and Computer Science applications
260 _aNew Delhi:
_bPHI Learning Pvt Ltd,
_c1992.
650 _aProbability & Statistics with Reliability, Queuing, and Computer Science applications
_9124428
942 _2ddc
_cBK
999 _c610292
_d610292